Colombia, fauna en peligro / (Registro nro. 927)

Detalles MARC
000 -CABECERA
Campo de control 00722nam a2200205 a 4500
005 - FECHA Y HORA DE LA ULTIMA TRANSACCION
Campo de control 20191217041609.0
008 - ELEMENTOS DE LONGITUD FIJA—INFORMACION GENERAL
Campo de control 861023s1985 ck a b 000 0 spa
040 ## - FUENTE DE CATALOGACIÓN
Agencia catalogadora original DLC
Agencia transcriptora DLC
Agencia Modificadora DLC
-- CO-BoIAVH
041 0# - IDIOMA
Código de idioma para texto/pista de sonido o título separado Español
044 ## - PAÍS DE PUBLICACIÓN
País de publicación Colombia
090 ## - CLASIFICACIÓN LOCAL
Colección IND-
Consecutivo 88
110 ## - ASIENTO PRINCIPAL--NOMBRE CORPORATIVO
Nombre corporativo o de jurisdicción como elemento de entrada Inderena
9 (RLIN) 12933
245 00 - MENCION DE TITULO
Título Colombia, fauna en peligro /
Mención de responsabilidad editado por María Isabel García
260 ## - PUBLICACION, DISTRIBUCION, ETC. (PIE DE IMPRENTA)
Lugar de publicación, distribución, etc. Bogotá (Colombia) :
Nombre del editor, distribuidor, etc. Proyecto Cuenca Alto Magdalena :
-- Inderena,
Fecha de publicación, distribución, etc. 1985.
300 ## - DESCRIPCION FISICA
Extensión 16 páginas :
Otros detalles físicos ilustraciones (algunas a color) ;
Dimensiones 28 x 21 cm.
650 26 - ASIENTO SECUNDARIO DE MATERIA - TERMINO TEMATICO
Término temático o nombre geográfico como elemento de entrada Fauna
Subdivisión geográfica Colombia
9 (RLIN) 89347
650 26 - ASIENTO SECUNDARIO DE MATERIA - TERMINO TEMATICO
Término temático o nombre geográfico como elemento de entrada Especies en peligro de extinción
Subdivisión geográfica Colombia
9 (RLIN) 89348
710 2# - ASIENTO SECUNDARIO - NOMBRE CORPORATIVO
Nombre corporativo o de jurisdicción como elemento de entrada Proyecto Cuenca Alto Magdalena (Inderena)
9 (RLIN) 89349
942 ## - ELEMENTOS ADICIONALES (KOHA)
Sistema de clasificación Local
Tipo de ítem Folleto
Koha issues (borrowed), all copies 3
Existencias
Withdrawn status Lost status Sistema de Clasificación Damaged status No para préstamo Colección Ubicación Permanente Ubicación actual Fecha de adquisición Fuente de Valor Total Checkouts Total Renewals Número topográfico Inventario / Código de Barras Date last seen Date checked out Ejemplar Price effective from Forma de adquisición Tipo de material
    Local     Fondo Inderena Bogotá Bogotá 13/01/1999 Franco, Ana María 4 3 IND-F-88 001286 01/11/2017 28/09/2017 Ej. 1 04/12/2012 Traslado Inderena Folleto